Encyclopedia of Food Safety (Record no. 52244)

MARC details
000 -LEADER
fixed length control field 00592nam a22001937a 4500
003 - CONTROL NUMBER IDENTIFIER
control field OSt
008 - FIXED-LENGTH DATA ELEMENTS--GENERAL INFORMATION
fixed length control field 260623b |||||||| |||| 00| 0 eng d
020 ## - INTERNATIONAL STANDARD BOOK NUMBER
International Standard Book Number 9780128225219
082 ## - DEWEY DECIMAL CLASSIFICATION NUMBER
Classification number 363.19203
Item number S66E
245 ## - TITLE STATEMENT
Title Encyclopedia of Food Safety
Statement of responsibility, etc. Editer in Chief Smithers, Geoffrey W.
250 ## - EDITION STATEMENT
Edition statement 2nd edition
260 ## - PUBLICATION, DISTRIBUTION, ETC. (IMPRINT)
Place of publication, distribution, etc Netherland
Name of publisher, distributor, etc Academic Press imprint of Elsevier
Date of publication, distribution, etc 2024
300 ## - PHYSICAL DESCRIPTION
Extent 777 p.
650 ## - SUBJECT ADDED ENTRY--TOPICAL TERM
Topical term or geographic name as entry element Food Hygiene & Sanitation
650 ## - SUBJECT ADDED ENTRY--TOPICAL TERM
Topical term or geographic name as entry element Food Law & Regulations
650 ## - SUBJECT ADDED ENTRY--TOPICAL TERM
Topical term or geographic name as entry element Food Preservation & Toxicology
650 ## - SUBJECT ADDED ENTRY--TOPICAL TERM
Topical term or geographic name as entry element Risk Assessment & Quality Control
942 ## - ADDED ENTRY ELEMENTS (KOHA)
Source of classification or shelving scheme
Koha item type Books
Holdings
Withdrawn status Lost status Source of classification or shelving scheme Damaged status Not for loan Home library Current library Shelving location Date acquired Source of acquisition Currency Total Checkouts Full call number Barcode Date last seen Bill Date Koha item type Public note Bill Number
          Dr. Rajendra Prasad Central Agricultural University Pusa, Dr. Rajendra Prasad Central Agricultural University Pusa, General Stacks 23/06/2026 TTPP, New Delhi INR   363.19203 S66E 88978 23/06/2026 23/06/2026 Books Volume-03 Invoice- IN-00551
Hosted, Implemented, Customized & Maintained by: BestBookBuddies

Powered by Koha